| 000 | 00559nam a2200193Ia 4500 | ||
|---|---|---|---|
| 003 | SISC | ||
| 005 | 20181019154552.0 | ||
| 008 | 181018s9999 xx 000 0 und d | ||
| 020 | _a9780716724111 | ||
| 050 | _aQH 323.5 .So683 1995 | ||
| 100 | _aSokal, Robert R. | ||
| 245 |
_cRobert R. Sokal, F. James Rohlf _aBiometry/ |
||
| 250 | _a3rd. ed. | ||
| 260 |
_aNY: _bW.H. Freeman and Company _c1995 |
||
| 300 |
_axix, 887 pages : _billustrated ; _c23 cm. |
||
| 500 | _aIncludes bibliographical references and index | ||
| 650 | _aBiometry | ||
| 942 |
_2lcc _cBK |
||
| 999 |
_c359248 _d359248 |
||